Fundamentals of nursing : (Record no. 18128)
[ view plain ]
| 000 -LEADER | |
|---|---|
| fixed length control field | 00933fam a2200313 a 4500 |
| 001 - CONTROL NUMBER | |
| control field | 4060551 |
| 005 - DATE AND TIME OF LATEST TRANSACTION | |
| control field | 20161202153327.0 |
| 008 - FIXED-LENGTH DATA ELEMENTS--GENERAL INFORMATION | |
| fixed length control field | 990520s2000 njua b 001 0 eng c |
| 010 ## - LIBRARY OF CONGRESS CONTROL NUMBER | |
| LC control number | 99033333 |
| 020 ## - INTERNATIONAL STANDARD BOOK NUMBER | |
| International Standard Book Number | 0805331840 |
| 035 ## - SYSTEM CONTROL NUMBER | |
| System control number | (OCoLC)41452702 |
| 035 ## - SYSTEM CONTROL NUMBER | |
| System control number | (OCoLC)ocm41452702 |
| 035 ## - SYSTEM CONTROL NUMBER | |
| System control number | (NNC)4060551 |
| 040 ## - CATALOGING SOURCE | |
| Original cataloging agency | DNLM/DLC |
| Transcribing agency | DLC |
| Modifying agency | DLC |
| -- | NNC-M |
| 050 00 - LIBRARY OF CONGRESS CALL NUMBER | |
| Classification number | RT 41 .K72 2000 |
| 245 00 - TITLE STATEMENT | |
| Title | Fundamentals of nursing : |
| Remainder of title | concepts, process, and practice / |
| Statement of responsibility, etc. | Barbara Kozier ... [et al.]. |
| 250 ## - EDITION STATEMENT | |
| Edition statement | 6th ed. |
| 260 ## - PUBLICATION, DISTRIBUTION, ETC. (IMPRINT) | |
| Place of publication, distribution, etc. | Upper Saddle River, N.J. : |
| Name of publisher, distributor, etc. | Prentice Hall Health, |
| Date of publication, distribution, etc. | c2000. |
| 300 ## - PHYSICAL DESCRIPTION | |
| Extent | xxiv, 1479 p. : |
| Other physical details | ill. (some col.) ; |
| Dimensions | 28 cm. |
| 504 ## - BIBLIOGRAPHY, ETC. NOTE | |
| Bibliography, etc | Includes bibliographical references and index. |
| 650 #0 - SUBJECT ADDED ENTRY--TOPICAL TERM | |
| Topical term or geographic name as entry element | Nursing. |
| 650 12 - SUBJECT ADDED ENTRY--TOPICAL TERM | |
| Topical term or geographic name as entry element | Nursing Process. |
| 650 22 - SUBJECT ADDED ENTRY--TOPICAL TERM | |
| Topical term or geographic name as entry element | Nursing Care. |
| 700 1# - ADDED ENTRY--PERSONAL NAME | |
| Personal name | Kozier, Barbara. |
| 942 ## - ADDED ENTRY ELEMENTS (KOHA) | |
| Source of classification or shelving scheme | |
| Koha item type | Hard Covered Materials |
| Classification part | RT 41 .K72 2000 |
| Withdrawn status | Lost status | Source of classification or shelving scheme | Damaged status | Not for loan | Home library | Current library | Shelving location | Date acquired | Source of acquisition | Total Checkouts | Full call number | Barcode | Date last seen | Price effective from | Koha item type |
|---|---|---|---|---|---|---|---|---|---|---|---|---|---|---|---|
| MACHAKOS UNIVERSITY LIBRARY | MACHAKOS UNIVERSITY LIBRARY | Open shelf | 02/12/2016 | Donation (B.F.A) | RT 41 .K72 2000 | 29195 | 02/12/2016 | 02/12/2016 | Hard Covered Materials |